|
|
|
|
| LEADER |
00000cam a2200000 a 4500 |
| 001 |
vtls011507557 |
| 003 |
SK-MaSNL |
| 005 |
20260302014922.0 |
| 008 |
240318s2016 xo a g f 000 0 slo |
| 015 |
|
|
|a SNBA2016/08
|
| 020 |
|
|
|a 9788081560583
|q (brož.)
|
| 035 |
|
|
|a DFE5A1F2-0436-40A8-AC2B-196263C41A90
|
| 035 |
|
|
|a urn:nbn:sk:snk-amthdn
|
| 035 |
|
|
|a urn:nbn:sk:snk-am00bn9c
|
| 040 |
|
|
|a SNK
|b slo
|e AACR2
|c SNK
|
| 041 |
1 |
|
|a slo
|h eng
|
| 044 |
|
|
|a xo
|c SK
|
| 072 |
|
7 |
|a 37
|x Výchova a vzdelávanie
|2 konspekt
|
| 080 |
|
|
|a 37.03-053.2
|2 2001
|
| 080 |
|
|
|a 159.922.7
|2 2011
|
| 080 |
|
|
|a 37.016:37.018.1
|2 2001
|
| 080 |
|
|
|a 173.5-055.52
|2 2011
|
| 080 |
|
|
|a 316.472.4
|2 2011
|
| 080 |
|
|
|a 316.772.4
|2 2011
|
| 080 |
|
|
|a (0.062)
|2 2011
|
| 100 |
1 |
|
|a Cloud, Henry,
|d 1956-
|4 aut
|9 103924
|
| 240 |
1 |
0 |
|a Boundaries with Kids
|l Slovensky
|
| 245 |
1 |
0 |
|a Hranice a deti
|b kedy povedať deťom áno, kedy povedať nie
|c Henry Cloud, John Townsend ; [z anglického originálu preložila Dáša Kadlecová]
|
| 250 |
|
|
|a 1. vyd.
|
| 260 |
|
|
|a Bratislava
|b Porta libri
|c 2016
|
| 300 |
|
|
|a 233 s.
|b tab.
|c 21 cm
|
| 504 |
|
|
|a Zoz. biblických kníh
|
| 650 |
0 |
7 |
|a výchova dieťaťa
|2 SNKPH
|9 21780
|
| 650 |
0 |
7 |
|a psychológia dieťaťa
|2 SNKPH
|9 1793
|
| 650 |
0 |
7 |
|a rodinná výchova
|2 SNKPH
|9 66934
|
| 650 |
0 |
7 |
|a rodičovstvo
|2 SNKPH
|9 1600
|
| 650 |
0 |
7 |
|a interpersonálne vzťahy
|2 SNKPH
|9 3770
|
| 650 |
0 |
7 |
|a interpersonálna komunikácia
|2 SNKPH
|9 2690
|
| 650 |
0 |
7 |
|a Child rearing
|2 SNKPHeng
|9 276230
|
| 650 |
0 |
7 |
|a Child psychology
|2 SNKPHeng
|9 275048
|
| 650 |
0 |
7 |
|a Family education
|2 SNKPHeng
|9 276719
|
| 650 |
0 |
7 |
|a Parenting
|2 SNKPHeng
|9 312787
|
| 650 |
0 |
7 |
|a Interpersonal relations
|2 SNKPHeng
|9 278058
|
| 650 |
0 |
7 |
|a Interpersonal communication
|2 SNKPHeng
|9 306572
|
| 655 |
|
7 |
|a populárno-náučné publikácie
|2 SNKPH
|9 70460
|
| 655 |
|
7 |
|a Popular works
|2 SNKPHeng
|9 90287
|
| 700 |
1 |
|
|a Townsend, John
|4 aut
|9 341001
|
| 700 |
1 |
|
|a Kadlecová, Dáša
|4 trl
|9 496483
|
| 919 |
|
|
|a 978-80-8156-058-3
|
| 958 |
|
|
|a OP
|
| 968 |
|
|
|b ENG
|
| 999 |
|
|
|c 1018920
|d 1020850
|
| 952 |
|
|
|a SNK
|b SNK
|y PREZ
|7 0
|p 17A1199218
|o snkSC 170733
|i snk2016/18084
|8 0
|0 0
|1 0
|4 0
|d 2016-07-28
|f 1
|l 0
|r 2025-09-08 00:00:00
|w 2026-02-24
|
| 952 |
|
|
|a SNK
|b SNK
|y VYP
|7 0
|p 17A1199219
|o snkSC 170733 D1
|i snk2016/18085
|8 0
|0 0
|1 0
|4 0
|d 2016-07-28
|l 0
|r 2026-02-24 13:16:53
|w 2026-02-24
|